Ortak politikalar mutabakat metni: (Record no. 15185)

MARC details
000 -BAŞLIK
Sabit Uzunlukta Kontrol Alanı 01181nam a22002657a 4500
999 ## - SİSTEM KONTROL NUMARALARI (KOHA)
Koha Biblionumber 15185
Koha Biblioitemnumber 15185
003 - KONTROL NUMARASI IDENTIFIER
Denetim Alanı MIRAKIL
005 - SON İŞLEM TARİHİ VE ZAMANI
Denetim Alanı 20230224115453.0
008 - SABİT-BOY VERİ ELEMANLARI - GENEL BİLGİLER
Sabit Uzunlukta Kontrol Alanı 230224b tu ||||| |||| 00| 0 tur d
040 ## - KATALOGLAMA KAYNAK
Orijinal Kataloglama Ajansı TR-AnCHP
Metne Dönüştürmek Ajansı TR-AnCHP
041 ## - DİL KODU
Metin / Ses Parça Veya Ayrı Başlığın Dil Kodu tur
082 ## - DEWEY ONLU SINIFLANDIRMA NUMARASI
Sınıflandırma Numarası CHP 320.9561
Ürün Numarası O67 2023
110 ## - ANA GİRİŞ - KURUMSAL ADI
Giriş Elemanı Olarak Kurumsal Ad Veya Yargı Alanı Adı Cumhuriyet Halk Partisi (CHP)
245 ## - BAŞLIK TABLOSU
Başlık Ortak politikalar mutabakat metni:
Başlığın Kalan 30 Ocak 2023/
260 ## - YAYIN, DAĞITIM, VB
Yayın, Dağıtım, Vb Yeri Ankara:
Yayıncı, Dağıtıcı, Vs Adı CHP,
Yayın, Dağıtım, Vb Tarihi 2023
300 ## - FİZİKSEL TANIM
Kapsam 240 s.:
Boyutlar 30 sm.
610 #0 - KONU KATMA GİRİŞ - TOPLANTI ADI
9 (RLIN) 5196
Giriş Elemanı Olarak Kurumsal Ad Veya Yargı Alanı Adı Cumhuriyet Halk Partisi (CHP)
Genel Alt Bölüm Ortak politikalar
Kronolojik Alt Bölüm 30 Ocak 2023
Coğrafi Alt Bölüm Türkiye
610 #0 - KONU KATMA GİRİŞ - TOPLANTI ADI
9 (RLIN) 7074
Giriş Elemanı Olarak Kurumsal Ad Veya Yargı Alanı Adı Demokrasi ve Atılım Partisi (DEVA)
Genel Alt Bölüm Ortak politikalar
Kronolojik Alt Bölüm 30 Ocak 2023
Coğrafi Alt Bölüm Türkiye
610 #0 - KONU KATMA GİRİŞ - TOPLANTI ADI
9 (RLIN) 7075
Giriş Elemanı Olarak Kurumsal Ad Veya Yargı Alanı Adı Demokrat Parti (DP)
Genel Alt Bölüm Ortak politikalar
Kronolojik Alt Bölüm 30 Ocak 2023
Coğrafi Alt Bölüm Türkiye
610 #0 - KONU KATMA GİRİŞ - TOPLANTI ADI
9 (RLIN) 7076
Giriş Elemanı Olarak Kurumsal Ad Veya Yargı Alanı Adı Gelecek Partisi
Genel Alt Bölüm Ortak politikalar
Kronolojik Alt Bölüm 30 Ocak 2023
Coğrafi Alt Bölüm Türkiye
610 #0 - KONU KATMA GİRİŞ - TOPLANTI ADI
9 (RLIN) 7077
Giriş Elemanı Olarak Kurumsal Ad Veya Yargı Alanı Adı İYİ Parti
Genel Alt Bölüm Ortak politikalar
Kronolojik Alt Bölüm 30 Ocak 2023
Coğrafi Alt Bölüm Türkiye
610 #0 - KONU KATMA GİRİŞ - TOPLANTI ADI
9 (RLIN) 7078
Giriş Elemanı Olarak Kurumsal Ad Veya Yargı Alanı Adı Saadet Partisi
Genel Alt Bölüm Ortak politikalar
Kronolojik Alt Bölüm 30 Ocak 2023
Coğrafi Alt Bölüm Türkiye
650 #0 - KONU KATMA GİRİŞ - TOPİKAL DÖNEM
9 (RLIN) 9
Topikal Süreli Veya Coğrafi Ad Giriş Elemanı Siyaset ve yönetim
Genel Alt Bölümü Yönetim sistemleri
-- Parlamenter sistem
Coğrafi Alt Bölümü Türkiye
942 ## - EKLENDİ GİRİŞ ELEMANLARI (KOHA)
Sınıflandırma Veya Raf Düzeni Kaynak Dewey Decimal Classification
Koha Öğesi Türü Archive
Holdings
Kalıcı Konum Mevcut Konum Edinme Tarihi Toplam Check-Out'Lar Tam Çağrı Numarası Barkod Tarih Son Görülme İtibaren Geçerli Fiyatlar Koha Öğesi Türü
CHP Kütüphanesi CHP Kütüphanesi 02/24/2023   CHP 320.9561 O67 2023 020761 02/24/2023 02/24/2023 Books
CHP Kütüphanesi CHP Kütüphanesi 02/24/2023   CHP 320.9561 O67 2023 020762 02/24/2023 02/24/2023 Books